Top 5 Songs On Kid A (Radiohead) - Statistics

General Stats
  • This quiz has been taken 63 times
    55 since last reset
  • The average score is 4 of 5
Answer Stats
Hint Answer % Correct
71,704,195 How To Disappear Completely
94%
105,384,420 Everything In It's Right Place
92%
29,471,771 Motion Picture Soundtrack
77%
54,998,029 Idioteque
75%
38,903,922 The National Anthem
73%
No matching quizzes found
Score Distribution
Percent of People with Each Score
Percentile by Number Answered
Your Score History
You have not taken this quiz since the last reset